|
|
|
|
| LEADER |
00000cam a2200000 7i4500 |
| 001 |
0000008389 |
| 002 |
000009144 |
| 005 |
20000330.0 |
| 020 |
|
|
|a 9679690725
|
| 090 |
0 |
0 |
|a 959.5051
|b ABD
|
| 100 |
0 |
|
|a Abdullah Ahmad
|f Dato'
|
| 245 |
1 |
0 |
|a Tengku Abdul Rahman and Malaysia's foreign policy 1963-1970
|c Dato'Abdullah Ahmad
|
| 260 |
|
|
|a Kuala Lumpur :
|b Berita Publishing Sdn.Bhd. ,
|c 1985
|
| 300 |
|
|
|a 182p. ;
|c 24cm.
|
| 650 |
0 |
0 |
|a Politician
|
| 999 |
|
|
|a 0002682
|b BUKU
|c MALAYSIANA
|e PERPUSTAKAAN KOMUNITI PETALING JAYA
|
| 999 |
|
|
|a 00044661
|b BUKU
|c PINJAMAN
|e PERPUSTAKAAN KOMUNITI PETALING JAYA
|
| 999 |
|
|
|a 0004661
|b BUKU
|c PINJAMAN
|e PERPUSTAKAAN KOMUNITI PETALING JAYA
|